| 000 | 00639nam a2200241Ia 4500 | ||
|---|---|---|---|
| 003 | OSt | ||
| 005 | 20220924132057.0 | ||
| 006 | a|||||r|||| 00| 0 | ||
| 007 | ta | ||
| 008 | 220923b |||||||| |||| 00| 0 pan d | ||
| 024 | _a8293 | ||
| 037 | _cTextual | ||
| 040 |
_aARTS _cARTS _bpan |
||
| 041 |
_2pan _apan |
||
| 082 | _a24(a12), K6 (2D) | ||
| 100 |
_aBordin Ruth B. _9203655 |
||
| 245 | 0 | _aModern manuscript library | |
| 260 | _c1966 | ||
| 650 | _aLIBRARY SCIENCE | ||
| 700 |
_a Warner Robert M. _9203656 |
||
| 942 |
_h24(a12), K6 (2D) _cTEXL _2CC |
||
| 999 |
_c429142 _d429142 |
||